Detalles MARC
| 000 -LIDER |
| fixed length control field |
01173nam a2200349 a 4500 |
| 001 - NÚMERO DE CONTROL |
| Identificador de número de control |
000036055 |
| 003 - IDENTIFICACDOR DE NÚMERO DE CONTROL |
| control field |
DO-SdBNP |
| 005 - DATE AND TIME OF LATEST TRANSACTION |
| control field |
20230721091202.0 |
| 007 - CAMPOS FIJOS DE DESCRIPCIÓN FÍSICA |
| fixed length control field |
000036055 |
| 008 - ELEMENTOS DE LONGITUD FIJA |
| fixed length control field |
111125s2006 dr a 000 0 spa d |
| 020 ## - ISBN |
| International Standard Book Number |
9945405551 |
| 040 ## - FUENTE DE CATALOGACIÓN |
| Agencia que crea de manera original el registro |
BPMSU |
| Idioma de catalogación |
spa |
| Agencia que realiza la transcripción |
BPMSU |
| 082 #4 - NÚMERO DE CLASIFICACIÓN DECIMAL DE DEWEY |
| Classification number |
782.2793 |
| Item number |
P971n 2006 |
| Edition number |
22 |
| 100 1# - ASIENTO PRINCIPAL -- NOMBRE PERSONAL |
| Nombre personal |
Prud' homme, Emilio |
| Fechas asociadas con el nombre |
1856-1932 |
| 245 10 - MENCIÓN DE TITULO |
| Título |
Nuestro himno nacional / |
| Mención de responsabilidad |
Emilio Prudhomme, José Reyes ; edición Tomás Castro Burdiez ; ilustraciones Ohanda Coste |
| 250 ## - MENCIÓN DE EDICION |
| Mención de edición |
2a ed. |
| 260 ## - PUBLICACIÓN, DISTRIBUCIÓN, ETC. (PIE DE IMPRENTA) |
| Lugar de publicación, distribución, etc |
Santo Domingo : |
| Nombre del editor, distribuidor, etc. |
Fundación Educarte |
| Fecha de publicación, distribución, etc |
2006 |
| 300 ## - DESCRIPCIÓN FÍSICA |
| Extensión |
[24] p. : |
| Otros detalles físicos |
ils., ; |
| Dimensiones |
29 cm. |
| 490 0# - MENCIÓN DE SERIES |
| Mención de serie |
Infantil Educarte, |
| Volume/sequential designation |
4 |
| 590 ## - NOTA LOCAL |
| Enlace |
Inventariado, 2023/VM |
| 600 14 - ENCABEZAMIENTO DE MATERIA--NOMBRE PERSONAL |
| Nombre personal |
Reyes, José Reyes |
| Fechas asociadas con el nombre |
1835-1905 |
| 600 14 - ENCABEZAMIENTO DE MATERIA--NOMBRE PERSONAL |
| Nombre personal |
Prudhomme , Emilio |
| Fechas asociadas con el nombre |
1856-1932 |
| 650 #4 - ENCABEZAMIENTO DE MATERIA--TEMÁTICO |
| Término temático o nombre geográfico como elemento de entrada |
Himno patriótico dominicano |
| 650 #4 - ENCABEZAMIENTO DE MATERIA--TEMÁTICO |
| Término temático o nombre geográfico como elemento de entrada |
Nacionalismo en la música |
| 650 #4 - ENCABEZAMIENTO DE MATERIA--TEMÁTICO |
| Término temático o nombre geográfico como elemento de entrada |
libros ilustrados infantiles |
| 650 #4 - ENCABEZAMIENTO DE MATERIA--TEMÁTICO |
| Término temático o nombre geográfico como elemento de entrada |
Himnos patrióticos |
| Subdivisión geográfica |
República Dominicana |
| 700 1# - ASIENTO SECUNDARIO -- NOMBRE PERSONAL |
| Término de relación |
Reyes, José |
| Mención de responsabilidad |
autor |
| 700 1# - ASIENTO SECUNDARIO -- NOMBRE PERSONAL |
| Término de relación |
Coste, Ohanda |
| Mención de responsabilidad |
ils. |
| 700 ## - ASIENTO SECUNDARIO -- NOMBRE PERSONAL |
| Término de relación |
Castro Burdiez, Tomás |
| Mención de responsabilidad |
ed. |
| 910 ## - VALIDACIÓN |
| Validación |
VMateo V. Control de calidad. BPMSU |
| 942 ## - ADDED ENTRY ELEMENTS (KOHA) |
| Source of classification or shelving scheme |
Dewey Decimal Classification |
| Koha item type |
Libros |